Musicals Chain Quiz - Statistics

General Stats
  • This quiz has been taken 194 times
  • The average score is 10 of 18
Answer Stats
Hint Answer % Correct
Features the song 'All That Jazz' Chicago
93%
Features the song 'Defying Gravity' Wicked
92%
Musical featuring the Von Trapp family (The) Sound of Music
87%
Features the song 'You're the One That I Want' Grease
85%
Fairytale story about ogres Shrek
83%
Features the song 'Don't Cry for me Argentina' Evita
77%
Based on a Charles Dickens novel Oliver
72%
Lin Manuel Miranda's Broadway debut musical In the Heights
71%
Features the song 'You Will Be Found' Dear Evan Hansen
68%
Stephen Sondheim's fairytale musical Into the Woods
54%
Broadway musical with a film adaptation featuring Beyoncé and Jennifer Hudson Dreamgirls
52%
Features the song 'Timewarp' (The) Rocky Horror Show
45%
Features the scary child catcher Chitty Chitty Bang Bang
37%
Another musical by Stephen Sondheim Sweeney Todd
27%
Based on the true story of a 16-year old's journey to becoming a drag queen Everybody's Talking About Jamie
26%
Features the song 'Getting to Know You' (The) King and I
26%
Rodgers and Hammerstein musical South Pacific
18%
Cole Porter musical Anything Goes
14%
No matching quizzes found
Score Distribution
Percent of People with Each Score
Percentile by Number Answered
Your Score History
You have not taken this quiz